000
00304nam a22001337a 4500
008
180809b xxu||||| |||| 00| 0 eng d
020
_a
0721666299
041
_a
eng
080
_2
2 nd
_a
616.053
100
_a
7
101
_a
KAR
245
_a
Clinical pediatric arrhythmias
_c
GILLETTE
942
_2
udc
_c
BK
999
_c
46966
_d
46966